=LDR 00000nam 2200000 4500 =001 INLIS000000000037087 =005 20130612142833 =008 ***********************************Ind** =035 ##$$0010-061300000037087 =041 ##$$a Ind =082 ##$$a 791.53 =090 ##$$a 791.53, Zub k =100 ##$$a Zubir, Nilam =245 ##$$a Kecil-kecil jadi wayang, Nilam Zubir ; editor, Sri Kinasih =260 ##$$a 2011 $b Jakarta =300 ##$$a xii, 136 hlm, ilus, 21 cm =650 ##$$a Wayang =850 ##$$a NBPNMAT